000 00322nam a2200133Ia 4500
008 220216s9999 xx 000 0 und d
100 _aJacob J
245 0 _aValaprayoga suparsa-Online aayum mobile app vazhiyum
260 _bRubber
_c2017
300 _a13-Oct
650 _aMobile app
650 _aRubSis
942 _cJS
999 _c72048
_d72048